Chung yang yin hang nien pao.

Bibliographic Details
Corporate Author: Zhong yang yin hang
Format: Serial
Language:Chinese
English
Language Notes:Extract issued in English, 1962-
Published: [Taipei] [publisher not identified] ;

MARC

Tag First Indicator Second Indicator Subfields
LEADER 00000cas a2200000 4500
001 in00000647021
005 20151015063229.0
008 780324c19619999ch uu 0uuue0chird
010 |a c 68003310  
035 |a (OCoLC)03745204 
035 |9 ACW0545AM 
040 |a COO  |c COO  |d TXA  |d UtOrBLW 
041 0 |a chi  |a eng 
049 |a TXAE 
090 |a HG3280.5.A7  |b C5 
110 2 |a Zhong yang yin hang. 
245 1 0 |a Chung yang yin hang nien pao. 
264 1 |a [Taipei]  |b [publisher not identified] ; 
300 |a  volumes in :  |b illustrations :  |b 26 cm. 
336 |a text  |b txt  |2 rdacontent 
337 |a unmediated  |b n  |2 rdamedia 
338 |a volume  |b nc  |2 rdacarrier 
362 0 |a [1961- 
546 |a Extract issued in English, 1962- 
999 |a MARS 
999 f f |s a295db42-1961-3106-a9df-a8babbcad010  |i e6a6cfcf-ecaf-3082-a6a5-65fa4f629a86  |t 0 
952 f f |p ric  |a Texas A&M University  |b Rellis Campus  |c Joint Library Facility  |d Remote Storage  |t 0  |e HG3280.5.A7 C5  |h Library of Congress classification  |i unmediated -- volume  |k 1965-1966  |m A14842328347 
952 f f |p ric  |a Texas A&M University  |b Rellis Campus  |c Joint Library Facility  |d Remote Storage  |t 0  |e HG3280.5.A7 C5  |h Library of Congress classification  |i unmediated -- volume  |k 1967-1968  |m A14842328339 
952 f f |p ric  |a Texas A&M University  |b Rellis Campus  |c Joint Library Facility  |d Remote Storage  |t 0  |e HG3280.5.A7 C5  |h Library of Congress classification  |i unmediated -- volume  |k 1970-1971  |m A14842328321 
998 f f |a HG3280.5.A7 C5  |s 1965-1968,1970-1971  |t 0  |l Remote Storage